00258nam a2200097 a 450000500170000000800410001705000180005810000230007624500320009926000290013120140414131926.0101027s19uu xx 00 eng d aFILbP27 2008 aPatindol, Jean Lee aPapa's house, Mama's house. bAdarna,c2008.aManila :